000 00284nam a2200133Ia 4500
100 _aAudels
942 _cBK
654 _aMechanical
245 _aAudels New Mechanical Directory
260 _bTaraporevala Sons & Co
_c2001
082 _a603
300 _a740
546 _aENGLISH
999 _c20967
_d20967